Sinka István versei

Elmentve itt :
Bibliográfiai részletek
Szerző: MEDVIGY Endre
Adatforrás:Meister
Forrásdokumentuma:Látó. -
2 sz., 1992, 87-88 p.
Nyelv:magyar
Kulcsszavak:irodalomtörténet
SINKA István
LEADER 00342nab a2200133 i 4500
001 bibPRO00010056
008 060524s1992 xx hun
040 |a Sz1 
041 |a hun 
100 1 |a MEDVIGY Endre 
245 1 0 |a Sinka István versei  |c MEDVIGY Endre 
695 |a irodalomtörténet 
695 |a SINKA István 
773 0 |t Látó. -  |g 2 sz., 1992, 87-88 p.